Экологические характеристики цилиндрических радиационных горелок при сжигании сжиженных углеводородных газов; Перспективы развития фундаментальных наук; Т. 2 : Химия

Detalhes bibliográficos
Parent link:Перспективы развития фундаментальных наук=Prospects of Fundamental Sciences Development: сборник научных трудов XV Международной конференции студентов, аспирантов и молодых ученых, г. Томск, 24-27 апреля 2018 г./ Национальный исследовательский Томский политехнический университет (ТПУ) ; под ред. И. А. Курзиной, Г. А. Вороновой.— , 2018
Т. 2 : Химия.— 2018.— [С. 252-254]
Autor principal: Пичугин Н. С.
Autor Corporativo: Национальный исследовательский Томский государственный университет (ТГУ)
Outros Autores: Мазной А. С. (научный руководитель)
Resumo:Заглавие с экрана
CO and NO[x] emission characteristics of a hollow cylindrical radiation burner operated in the external and internal combustion modes and premixed LPG+air mixtures are experimentally studies. The influence of the pore structure, equivalence ratio, firing rate and burner design are considered.
Idioma:russo
Publicado em: 2018
Assuntos:
Acesso em linha:http://earchive.tpu.ru/handle/11683/50783
Formato: Recurso Electrónico Capítulo de Livro
KOHA link:https://koha.lib.tpu.ru/cgi-bin/koha/opac-detail.pl?biblionumber=627558

MARC

LEADER 00000naa2a2200000 4500
001 627558
005 20231101133452.0
035 |a (RuTPU)RU\TPU\conf\27453 
035 |a RU\TPU\conf\27448 
090 |a 627558 
100 |a 20180912d2018 k y0rusy50 ca 
101 0 |a rus  |d eng 
102 |a RU 
105 |a y z 100zy 
135 |a drcn ---uucaa 
181 0 |a i  
182 0 |a b 
200 1 |a Экологические характеристики цилиндрических радиационных горелок при сжигании сжиженных углеводородных газов  |d Measurements of emissions for lpg combustion within a porous cylindrical burners  |f Н. С. Пичугин, А. С. Мазной  |g науч. рук. А. С. Мазной 
203 |a Текст  |c электронный 
230 |a 1 компьютерный файл (pdf; 305 Kb) 
300 |a Заглавие с экрана 
320 |a [Библиогр.: с. 254 (2 назв.)] 
330 |a CO and NO[x] emission characteristics of a hollow cylindrical radiation burner operated in the external and internal combustion modes and premixed LPG+air mixtures are experimentally studies. The influence of the pore structure, equivalence ratio, firing rate and burner design are considered. 
461 1 |0 (RuTPU)RU\TPU\conf\26928  |t Перспективы развития фундаментальных наук  |l Prospects of Fundamental Sciences Development  |o сборник научных трудов XV Международной конференции студентов, аспирантов и молодых ученых, г. Томск, 24-27 апреля 2018 г.  |o в 7 т.  |f Национальный исследовательский Томский политехнический университет (ТПУ) ; под ред. И. А. Курзиной, Г. А. Вороновой  |d 2018 
463 1 |0 (RuTPU)RU\TPU\conf\26930  |t Т. 2 : Химия  |v [С. 252-254]  |d 2018 
510 1 |a Measurements of emissions for lpg combustion within a porous cylindrical burners  |z eng 
610 1 |a электронный ресурс 
610 1 |a экологические характеристики 
610 1 |a цилиндрические горелки 
610 1 |a радиационные горелки 
610 1 |a сжигание 
610 1 |a сжиженные газы 
610 1 |a углеводородные газы 
610 1 |a поровые структуры 
610 1 |a излучатели 
700 1 |a Пичугин  |b Н. С. 
701 1 |a Мазной  |b А. С. 
702 1 |a Мазной  |b А. С.  |4 727 
712 0 2 |a Национальный исследовательский Томский государственный университет (ТГУ)  |c (2009- )  |2 stltpush  |3 (RuTPU)RU\TPU\col\17230 
801 2 |a RU  |b 63413507  |c 20181005  |g RCR 
856 4 |u http://earchive.tpu.ru/handle/11683/50783 
942 |c BK